000 00470nam a2200181Ia 4500
003 GCL
008 140319s9999 xx 000 0 eng d
040 _aGCL /
_cGCL
082 0 4 _aCH
_b891.7
_bT S
100 1 _aTOLSTOI, LEO
245 1 0 _aSTORIES FOR CHILDREN /
_cTOLSTOI, LEO
260 _a[S.N] :
_bPROGRESS PUBLISHERS ،
_c1977
300 _a41 P
650 0 4 _aRUSSIAN LITERATURE
650 0 4 _aRUSSIA - FICTION
650 0 4 _aCHILDREN - FICTION
942 _2ddc
_cBK
999 _c15246
_d15246